<?xml version="1.0" encoding="UTF-8"?>
<record
    xmlns:xsi="http://www.w3.org/2001/XMLSchema-instance"
    xsi:schemaLocation="http://www.loc.gov/MARC21/slim http://www.loc.gov/standards/marcxml/schema/MARC21slim.xsd"
    xmlns="http://www.loc.gov/MARC21/slim">

  <leader>01736nam a22002537a 4500</leader>
  <datafield tag="010" ind1=" " ind2=" ">
    <subfield code="a">B-479044-45</subfield>
  </datafield>
  <datafield tag="020" ind1=" " ind2=" ">
    <subfield code="a">8181462483</subfield>
    <subfield code="c">70.00</subfield>
  </datafield>
  <datafield tag="020" ind1=" " ind2=" ">
    <subfield code="a">9788181462480</subfield>
  </datafield>
  <datafield tag="035" ind1=" " ind2=" ">
    <subfield code="a">B-479044-45</subfield>
  </datafield>
  <datafield tag="037" ind1=" " ind2=" ">
    <subfield code="b">&#x92C;&#x94D;&#x932;&#x942;&#x92C;&#x947;&#x930;&#x940; &#x92C;&#x941;&#x915;&#x94D;&#x938;</subfield>
  </datafield>
  <datafield tag="082" ind1=" " ind2=" ">
    <subfield code="a">&#x915;</subfield>
  </datafield>
  <datafield tag="100" ind1=" " ind2=" ">
    <subfield code="a">&#x92D;&#x91F;&#x94D;&#x91F;, &#x905;&#x936;&#x94D;&#x935;&#x93F;&#x928;&#x940;</subfield>
    <subfield code="9">51759</subfield>
  </datafield>
  <datafield tag="245" ind1=" " ind2=" ">
    <subfield code="a">&#x91A;&#x932;&#x924;&#x940; &#x930;&#x939;&#x947; &#x915;&#x939;&#x93E;&#x928;&#x940; /</subfield>
    <subfield code="c">&#x905;&#x936;&#x94D;&#x935;&#x93F;&#x928;&#x940; &#x92D;&#x91F;&#x94D;&#x91F; &#x926;&#x94D;&#x935;&#x93E;&#x930;&#x93E; &#x915;&#x928;&#x94D;&#x928;&#x921; &#x92E;&#x947;&#x902; &#x92E;&#x942;&#x932; &#x915;&#x925;&#x93E; ;&#x905;&#x928;&#x940;&#x924;&#x93E; &#x938;&#x93E;&#x928;&#x94D;&#x92F;&#x93E;&#x932; &#x926;&#x94D;&#x935;&#x93E;&#x930;&#x93E; &#x905;&#x928;&#x941;&#x926;&#x93F;&#x924;</subfield>
  </datafield>
  <datafield tag="260" ind1=" " ind2=" ">
    <subfield code="a">&#x91A;&#x948;&#x928;&#x94D;&#x928;&#x908;</subfield>
    <subfield code="b">&#x924;&#x942;&#x932;&#x93F;&#x915;&#x93E; &#x92A;&#x92C;&#x94D;&#x932;&#x93F;&#x936;&#x930;&#x94D;&#x938;</subfield>
    <subfield code="c">2007</subfield>
  </datafield>
  <datafield tag="270" ind1=" " ind2=" ">
    <subfield code="a">13 &#x92A;&#x943;&#x925;&#x94D;&#x935;&#x940; &#x910;&#x935;&#x928;&#x94D;&#x92F;&#x942;, &#x905;&#x92D;&#x93F;&#x930;&#x92E;&#x92A;&#x941;&#x930;&#x92E;</subfield>
    <subfield code="b">&#x91A;&#x948;&#x928;&#x94D;&#x928;&#x908;</subfield>
    <subfield code="e">600018</subfield>
  </datafield>
  <datafield tag="300" ind1=" " ind2=" ">
    <subfield code="a">&#x905;.&#x92A;&#x943;.</subfield>
    <subfield code="c">17&#x938;&#x947;&#x92E;&#x940; (&#x905;&#x91C;&#x93F;&#x932;&#x94D;&#x926;)</subfield>
    <subfield code="b">&#x938;&#x91A;&#x93F;&#x924;&#x94D;&#x930;</subfield>
  </datafield>
  <datafield tag="700" ind1=" " ind2=" ">
    <subfield code="a">&#x92D;&#x91F;&#x94D;&#x91F;, &#x905;&#x936;&#x94D;&#x935;&#x93F;&#x928;&#x940; </subfield>
    <subfield code="9">40847</subfield>
  </datafield>
  <datafield tag="700" ind1=" " ind2=" ">
    <subfield code="a">&#x938;&#x93E;&#x928;&#x94D;&#x92F;&#x93E;&#x932;, &#x905;&#x928;&#x940;&#x924;&#x93E; </subfield>
    <subfield code="9">40848</subfield>
  </datafield>
  <datafield tag="942" ind1=" " ind2=" ">
    <subfield code="2">ddc</subfield>
    <subfield code="c">CH</subfield>
    <subfield code="m">&#x92D;&#x91F;&#x94D;&#x91F;&#x905;</subfield>
    <subfield code="h">&#x915;</subfield>
  </datafield>
  <datafield tag="999" ind1=" " ind2=" ">
    <subfield code="c">62058</subfield>
    <subfield code="d">62058</subfield>
  </datafield>
  <datafield tag="952" ind1=" " ind2=" ">
    <subfield code="0">0</subfield>
    <subfield code="1">0</subfield>
    <subfield code="4">0</subfield>
    <subfield code="7">-1</subfield>
    <subfield code="a">AG</subfield>
    <subfield code="b">AG</subfield>
    <subfield code="d">2012-02-06</subfield>
    <subfield code="g">70.00</subfield>
    <subfield code="l">0</subfield>
    <subfield code="o">&#x915; &#x92D;&#x91F;&#x94D;&#x91F;&#x905;</subfield>
    <subfield code="r">2012-02-06 00:00:00</subfield>
    <subfield code="v">70.00</subfield>
    <subfield code="y">CH</subfield>
  </datafield>
  <datafield tag="952" ind1=" " ind2=" ">
    <subfield code="0">0</subfield>
    <subfield code="1">0</subfield>
    <subfield code="4">0</subfield>
    <subfield code="7">0</subfield>
    <subfield code="8">FIC</subfield>
    <subfield code="a">BL4</subfield>
    <subfield code="b">BL4</subfield>
    <subfield code="d">2012-08-29</subfield>
    <subfield code="e">&#x92C;&#x94D;&#x932;&#x942;&#x92C;&#x947;&#x930;&#x940; &#x92C;&#x941;&#x915;&#x94D;&#x938;/IN8483/14.04.12/43/20.03.12/19.05.12</subfield>
    <subfield code="g">70.00</subfield>
    <subfield code="l">1</subfield>
    <subfield code="o">&#x915; &#x92D;&#x91F;&#x94D;&#x91F;&#x905;</subfield>
    <subfield code="p">B-479044</subfield>
    <subfield code="r">2021-03-22 00:00:00</subfield>
    <subfield code="s">2021-03-08</subfield>
    <subfield code="t">1</subfield>
    <subfield code="v">70.00</subfield>
    <subfield code="y">CH</subfield>
  </datafield>
  <datafield tag="952" ind1=" " ind2=" ">
    <subfield code="0">0</subfield>
    <subfield code="1">0</subfield>
    <subfield code="4">0</subfield>
    <subfield code="7">0</subfield>
    <subfield code="8">FIC</subfield>
    <subfield code="a">YV</subfield>
    <subfield code="b">YV</subfield>
    <subfield code="d">2012-08-29</subfield>
    <subfield code="e">&#x92C;&#x94D;&#x932;&#x942;&#x92C;&#x947;&#x930;&#x940; &#x92C;&#x941;&#x915;&#x94D;&#x938;/IN8483/14.04.12/43/20.03.12/19.05.12</subfield>
    <subfield code="g">70.00</subfield>
    <subfield code="l">0</subfield>
    <subfield code="o">&#x915; &#x92D;&#x91F;&#x94D;&#x91F;&#x905;</subfield>
    <subfield code="p">B-479045</subfield>
    <subfield code="r">2012-08-29 00:00:00</subfield>
    <subfield code="t">1</subfield>
    <subfield code="v">70.00</subfield>
    <subfield code="w">2012-08-29</subfield>
    <subfield code="y">CH</subfield>
  </datafield>
</record>
